| 000 | 00768nam a2200193 a 4500 | ||
|---|---|---|---|
| 003 | 0 | ||
| 005 | 20250509142432.0 | ||
| 008 | 970101s19uu xx 00 eng d | ||
| 050 |
_aPHS HV 40 _b.A68 2004 |
||
| 100 | _aAquino, Myra-Jon Fabon. | ||
| 245 |
_aA Career profile of personnel in the human-helping profession school year 2003-2004. _cMyra-Jon Fabon Aquino. |
||
| 260 |
_aLas PiƱas City, Philippines : _bSouthville International School and Colleges, _c2004. |
||
| 300 |
_a147 pages : _billustrations ; _c28 cm. |
||
| 504 | _aIncludes bibliographical references. | ||
| 650 |
_aHelping professions _zPhilippines. |
||
| 650 |
_aHuman services personnel _zPhilippines _xVocational guidance. |
||
| 650 |
_aHuman services _zPhilippines _xEmployees. |
||
| 942 |
_2lcc _cPASS |
||
| 999 |
_c97079 _d97079 |
||